| 000 | 00578nam a2200205Ia 4500 | ||
|---|---|---|---|
| 005 | 20250508162039.0 | ||
| 008 | 008 250505s9999 xx 000 0 eng d | ||
| 020 | _a0-7100-8275-4 | ||
| 037 | _aTextual | ||
| 040 |
_aFEDL _beng _cFEDL |
||
| 041 |
_aeng _2eng |
||
| 084 |
_a371.5, HAR _qFEDL |
||
| 100 | _aHargreaves David H | ||
| 245 | 0 | _aDeviance in classrooms | |
| 260 |
_aLondon, UK _bRoutledge and Kegan Paul _c1975 |
||
| 300 | _a282p. | ||
| 700 |
_a Hester Stephen K Mellor Frank J _9772140 |
||
| 942 |
_cTEXL _h371.5, HAR |
||
| 999 |
_c1374056 _d1374056 |
||